[Event "BL 9091 Kirchheim-Bielefeld"]
[Site "?"]
[Date "1990.??.??"]
[Round "?.2"]
[White "Gschnitzer, O."]
[Black "Piskov, Y."]
[Result "1-0"]
[WhiteElo "2440"]
[BlackElo "2445"]
[PlyCount "103"]
[EventDate "1990.??.??"]

1. d4 f5 2. c4 Nf6 3. g3 d6 4. Bg2 g6 5. Nf3 Bg7 6. O-O O-O 7. Nc3 Qe8 8. b3 c6
9. Ba3 h6 10. Qd3 g5 11. Nd2 Na6 12. Rae1 Qg6 13. f4 g4 14. d5 c5 15. Bb2 Rb8
16. Nb5 Bd7 17. a3 Bxb5 18. cxb5 Nc7 19. e4 Nxe4 20. Bxg7 Qxg7 21. Nxe4 fxe4
22. Rxe4 a6 23. b6 Nb5 24. Rfe1 Rf7 25. a4 Nd4 26. b4 Rc8 27. bxc5 dxc5 28. Re5
Qf6 29. a5 Kf8 30. Rc1 Nf5 31. h3 c4 32. Rxc4 Rxc4 33. Qxc4 gxh3 34. Bxh3 Nxg3
35. Kh2 Qh4 36. Qc8+ Kg7 37. Qg4+ Qxg4 38. Bxg4 Nf1+ 39. Kg2 Nd2 40. Bc8 Nc4
41. Bxb7 Rxf4 42. Rxe7+ Kf6 43. Re6+ Kf7 44. Bc8 Nxa5 45. b7 Nxb7 46. Bxb7 a5
47. Rxh6 a4 48. Ra6 Ke7 49. Ba8 Kd7 50. Kg3 Rb4 51. Kf2 Rh4 52. Ke2 1-0

[Event "BL 9091 Kirchheim-Bielefeld"]
[Site "?"]
[Date "1990.??.??"]
[Round "?.3"]
[White "Pieper Emden, C."]
[Black "Vonthron, H."]
[Result "1/2-1/2"]
[WhiteElo "2405"]
[BlackElo "2405"]
[PlyCount "70"]
[EventDate "1990.??.??"]

1. c4 e5 2. Nc3 Nf6 3. g3 Be7 4. Bg2 O-O 5. Nf3 d6 6. d4 Nbd7 7. O-O c6 8. e4
Re8 9. h3 exd4 10. Nxd4 Bf8 11. b3 a5 12. Re1 Nc5 13. Kh2 g6 14. Rb1 Bg7 15. f3
Nfd7 16. Be3 h5 17. f4 Bh6 18. Qd2 Qe7 19. Rbd1 Nf6 20. Bg1 h4 21. g4 Nxg4+ 22.
hxg4 Bxg4 23. Nde2 Rad8 24. Bxc5 dxc5 25. Qe3 g5 26. Bf3 f5 27. Rxd8 Rxd8 28.
Rg1 gxf4 29. Qf2 Kh7 30. Bxg4 fxg4 31. Rxg4 Rd3 32. Na4 Rg3 33. Rxg3 fxg3+ 34.
Nxg3 hxg3+ 35. Kxg3 Qxe4 1/2-1/2

[Event "BL 9091 Kirchheim-Bielefeld"]
[Site "?"]
[Date "1990.??.??"]
[Round "?.4"]
[White "Mueller, O."]
[Black "Gruen, G."]
[Result "0-1"]
[WhiteElo "2350"]
[BlackElo "2360"]
[PlyCount "65"]
[EventDate "1990.??.??"]

1. e4 e5 2. Nf3 Nc6 3. Bb5 Nf6 4. O-O Bc5 5. c3 O-O 6. d4 Bb6 7. Re1 d6 8. Bg5
h6 9. Bh4 Bg4 10. a4 a5 11. Bxc6 bxc6 12. dxe5 dxe5 13. Na3 Qxd1 14. Raxd1 Nh5
15. Nc4 f6 16. Nxb6 cxb6 17. Rd6 Bxf3 18. gxf3 b5 19. axb5 cxb5 20. Bg3 Rfd8
21. Red1 Rxd6 22. Rxd6 a4 23. Kg2 b4 24. cxb4 Rb8 25. Ra6 Rxb4 26. Kh3 Kf7 27.
Ra7+ Ke6 28. Ra5 Kd6 29. Rd5+ Kc6 30. Rd2 Kb5 31. Kg4 g6 32. Kh3 Kc4 33. Kg4
0-1

[Event "BL 9091 Kirchheim-Bielefeld"]
[Site "?"]
[Date "1990.??.??"]
[Round "?.5"]
[White "Beckemeyer, W."]
[Black "Messmer, M."]
[Result "1-0"]
[WhiteElo "2345"]
[BlackElo "2365"]
[PlyCount "57"]
[EventDate "1990.??.??"]

1. e4 c5 2. Nf3 Nc6 3. d4 cxd4 4. Nxd4 g6 5. c4 Bg7 6. Be3 Nf6 7. Nc3 Ng4 8.
Qxg4 Nxd4 9. Qd1 Ne6 10. Rc1 b6 11. b4 Bb7 12. Nd5 O-O 13. Be2 d6 14. O-O Nc7
15. Bd3 e6 16. Nxc7 Qxc7 17. Qb3 Rfd8 18. f3 Qe7 19. Kh1 d5 20. exd5 exd5 21.
Rfe1 Qh4 22. Bg1 dxc4 23. Bxc4 Rd2 24. Bxf7+ Kh8 25. Qe3 Qxb4 26. Rc7 Ba6 27.
Bb3 Qd6 28. Rxg7 Kxg7 29. Qc3+ 1-0

[Event "BL 9091 Kirchheim-Bielefeld"]
[Site "?"]
[Date "1990.??.??"]
[Round "?.6"]
[White "Biebinger, G."]
[Black "Stertenbrink, G."]
[Result "1/2-1/2"]
[WhiteElo "2290"]
[BlackElo "2280"]
[PlyCount "142"]
[EventDate "1990.??.??"]

1. c4 c5 2. Nc3 g6 3. Nf3 Bg7 4. e3 Nf6 5. d4 cxd4 6. exd4 O-O 7. Bg5 h6 8. Be3
d5 9. Qd2 Kh7 10. cxd5 Nxd5 11. Be2 Nc6 12. O-O Be6 13. Rfd1 Rc8 14. Ne4 b6 15.
Nc3 Na5 16. Nxd5 Bxd5 17. b3 e6 18. Ne5 Qe7 19. Rac1 f6 20. Nd3 g5 21. f3 Nc6
22. Bf2 f5 23. Ne1 Rcd8 24. Nc2 f4 25. Re1 Rd6 26. Bb5 Rfd8 27. Rcd1 Bf6 28.
Qe2 Qg7 29. h3 a5 30. Kh2 h5 31. Rd2 Rg8 32. Rh1 Kh6 33. Rdd1 Ne7 34. Ne1 Nf5
35. Nc2 Bb7 36. Bc4 Rgd8 37. Rhe1 Bc8 38. Qe4 Nxd4 39. Nxd4 Bxd4 40. Rxd4 Rxd4
41. Bxd4 Qxd4 42. Qxd4 Rxd4 43. Bxe6 Ba6 44. Bf5 Kg7 45. Re6 Bc8 46. Rg6+ Kf7
47. Bb1 g4 48. hxg4 hxg4 49. fxg4 Rd2 50. g5 Bb7 51. Rxb6 Bxg2 52. Kg1 Bd5 53.
Rf6+ Ke7 54. Rxf4 Rg2+ 55. Kf1 Rxg5 56. Ke2 Kd6 57. Kd2 Kc5 58. Kc3 Rg3+ 59.
Bd3 Rf3 60. Rg4 Rh3 61. Rg5 Kc6 62. Kd4 Rh4+ 63. Kc3 Rh3 64. Re5 Kd6 65. Re2
Kc5 66. Rc2 Kb6 67. Kd4 Bc6 68. Bc4 Rh4+ 69. Kc3 Rg4 70. Re2 Rg3+ 71. Kb2 Rg2
1/2-1/2

[Event "BL 9091 Kirchheim-Bielefeld"]
[Site "?"]
[Date "1990.??.??"]
[Round "?.7"]
[White "Panzer, P."]
[Black "Schindler, W."]
[Result "1/2-1/2"]
[WhiteElo "2280"]
[BlackElo "2310"]
[PlyCount "62"]
[EventDate "1990.??.??"]

1. c4 Nf6 2. Nc3 g6 3. e4 c5 4. g3 Nc6 5. Bg2 Bg7 6. Nge2 O-O 7. O-O d6 8. d3
Bd7 9. Rb1 Rb8 10. a3 a5 11. h3 Ne8 12. Be3 Nc7 13. d4 cxd4 14. Nxd4 Nxd4 15.
Bxd4 Bxd4 16. Qxd4 a4 17. e5 dxe5 18. Qxe5 f6 19. Qe3 e5 20. Rbd1 Ne6 21. Nd5
Qe8 22. f4 exf4 23. gxf4 Ng7 24. Qc3 Nf5 25. Nxf6+ Rxf6 26. Qxf6 Qe3+ 27. Rf2
Bc6 28. Bxc6 bxc6 29. Qe5 Qg3+ 30. Rg2 Qe3+ 31. Rf2 Qg3+ 1/2-1/2

[Event "BL 9091 Kirchheim-Bielefeld"]
[Site "?"]
[Date "1990.??.??"]
[Round "?.8"]
[White "Mudelsee, M."]
[Black "Geveke, M."]
[Result "1-0"]
[WhiteElo "2265"]
[BlackElo "2320"]
[PlyCount "25"]
[EventDate "1990.??.??"]

1. e4 e6 2. d4 d5 3. Nc3 Bb4 4. e5 c5 5. a3 Bxc3+ 6. bxc3 Qc7 7. Qg4 f6 8. Bb5+
Kf8 9. Nf3 c4 10. a4 a6 11. Ba3+ Kf7 12. Ng5+ fxg5 13. Qh5+ 1-0

[Event "BL 9091 Bayern-München 36"]
[Site "?"]
[Date "1991.??.??"]
[Round "?.1"]
[White "Smejkal, J."]
[Black "Huebner, R."]
[Result "1/2-1/2"]
[WhiteElo "2535"]
[BlackElo "2620"]
[PlyCount "127"]
[EventDate "1991.??.??"]

1. c4 e5 2. Nc3 Nf6 3. Nf3 Nc6 4. g3 d5 5. cxd5 Nxd5 6. Bg2 Nb6 7. O-O Be7 8.
a3 O-O 9. b4 Be6 10. Rb1 f6 11. d3 Nd4 12. Nd2 Nd5 13. Bb2 Nxc3 14. Bxc3 c6 15.
Bxd4 Qxd4 16. Nb3 Qc3 17. Qc1 Qxc1 18. Rfxc1 Bxb3 19. Rxb3 Rab8 20. b5 Rfd8 21.
bxc6 bxc6 22. Rcb1 Rxb3 23. Rxb3 Rc8 24. Bh3 Rd8 25. a4 a5 26. Rb7 Bb4 27. Be6+
Kh8 28. Rc7 c5 29. h4 g6 30. h5 gxh5 31. Bf5 Rb8 32. Kg2 Bd2 33. Rxh7+ Kg8 34.
Rc7 Rb4 35. Bd7 h4 36. Rxc5 Rd4 37. Be6+ Kg7 38. Rc2 Be1 39. Rc1 Bd2 40. Rc2
Be1 41. Rc1 Bd2 42. Rc7+ Kh8 43. Rc8+ Kg7 44. Rc7+ Kh8 45. Rc2 Bg5 46. Rc8+ Kg7
47. Rc7+ Kf8 48. gxh4 Bxh4 49. Rf7+ Ke8 50. Ra7 Rf4 51. f3 Be1 52. Bf7+ Kd8 53.
Bc4 Rh4 54. Ra6 Rh6 55. e3 Bd2 56. f4 Bxe3 57. fxe5 fxe5 58. Rxa5 Bd4 59. Rd5+
Kc7 60. a5 Rd6 61. Rb5 Rc6 62. Rb4 Bc3 63. Ra4 Rc5 64. a6 1/2-1/2

[Event "BL 9091 Bayern-München 36"]
[Site "?"]
[Date "1991.??.??"]
[Round "?.3"]
[White "Espig, L."]
[Black "Hjartarson, J."]
[Result "0-1"]
[WhiteElo "2440"]
[BlackElo "2535"]
[PlyCount "102"]
[EventDate "1991.??.??"]

1. Nf3 Nf6 2. c4 c5 3. Nc3 Nc6 4. g3 d5 5. cxd5 Nxd5 6. Bg2 Nc7 7. a3 g6 8. d3
Bg7 9. O-O O-O 10. Be3 b6 11. Rb1 Bb7 12. Qd2 Nd4 13. Nxd4 Bxg2 14. Ne6 Nxe6
15. Kxg2 Qd7 16. Bh6 Rfd8 17. Bxg7 Kxg7 18. Ne4 Rac8 19. b4 c4 20. Qc3+ Kg8 21.
Rbc1 Qb7 22. f3 cxd3 23. Qd2 Rxc1 24. Rxc1 Qa6 25. exd3 Qxa3 26. Nf2 h5 27. Rc4
Qa4 28. Qb2 Qb5 29. Qc3 Qd5 30. Qe1 a5 31. bxa5 bxa5 32. Ra4 Nd4 33. Ne4 Nc6
34. Qc3 Rb8 35. Rc4 Ne5 36. Ra4 Rb5 37. d4 Nd7 38. Qa3 Rb3 39. Qxe7 Kg7 40. Ra2
Qf5 41. Ng5 a4 42. h4 a3 43. Rf2 Nb6 44. Qa7 Nc4 45. Ne4 Rb2 46. Rxb2 axb2 47.
Qb7 Qa5 48. Ng5 Qd2+ 49. Kh3 Nd6 50. Ne6+ Kf6 51. Qd5 Qe1 0-1

[Event "BL 9091 Bayern-München 36"]
[Site "?"]
[Date "1991.??.??"]
[Round "?.5"]
[White "Enders, P."]
[Black "Bischoff, K."]
[Result "0-1"]
[WhiteElo "2495"]
[BlackElo "2495"]
[PlyCount "70"]
[EventDate "1991.??.??"]

1. e4 c5 2. Nf3 e6 3. d4 cxd4 4. Nxd4 a6 5. Nc3 Qc7 6. Be2 Nf6 7. f4 d6 8. O-O
Be7 9. Kh1 O-O 10. Qe1 Re8 11. Qg3 Nbd7 12. b3 b5 13. Bb2 Bb7 14. Bd3 Bf8 15.
Rae1 b4 16. Na4 g6 17. f5 exf5 18. exf5 Bg7 19. fxg6 hxg6 20. a3 bxa3 21. Bxa3
Ne5 22. Bf5 Re7 23. c4 Nh5 24. Qh4 Bf6 25. Qf2 Rae8 26. c5 dxc5 27. Bxc5 gxf5
28. Qxf5 Ng7 29. Qh3 Ng6 30. Bxe7 Bxd4 31. Bg5 Rxe1 32. Rxe1 Ne6 33. Bd2 Qc2
34. Bc3 Bxc3 35. Nxc3 Nef4 0-1

[Event "BL 9091 Bayern-München 36"]
[Site "?"]
[Date "1991.??.??"]
[Round "?.6"]
[White "Hertneck, G."]
[Black "Bastian, H."]
[Result "1/2-1/2"]
[WhiteElo "2535"]
[BlackElo "2335"]
[PlyCount "100"]
[EventDate "1991.??.??"]

1. Nf3 Nf6 2. c4 g6 3. g3 Bg7 4. Bg2 O-O 5. O-O d6 6. Nc3 Nc6 7. Rb1 Bf5 8. d3
Qd7 9. Re1 Bh3 10. Bh1 h6 11. b4 a6 12. a4 Ng4 13. Nd5 e5 14. b5 axb5 15. cxb5
Ne7 16. Nxe7+ Qxe7 17. Nd2 d5 18. Bf3 Qe6 19. Qb3 Rad8 20. e4 c6 21. Ba3 Rfe8
22. bxc6 bxc6 23. Rec1 Qf6 24. Qd1 h5 25. Rb6 Re6 26. Rc2 Bh6 27. Bc5 Ra8 28.
Rb4 Qd8 29. Rcb2 Bf8 30. Bxf8 Qxf8 31. exd5 cxd5 32. Rb5 Nf6 33. Qb3 Rc6 34.
Rb1 Rac8 35. Bg2 Be6 36. Bf1 Kg7 37. a5 Rc2 38. Nc4 dxc4 39. Qxc2 cxd3 40. Qb2
Qd6 41. Qxe5 Qxe5 42. Rxe5 d2 43. Rxe6 fxe6 44. Rd1 Ne4 45. Be2 Rc2 46. a6 Nc3
47. a7 Nxe2+ 48. Kg2 Nf4+ 49. Kf3 Ra2 50. Kxf4 Rxa7 1/2-1/2

[Event "BL 9091 Bayern-München 36"]
[Site "?"]
[Date "1991.??.??"]
[Round "?.7"]
[White "Roese, O."]
[Black "Boensch, U."]
[Result "1-0"]
[WhiteElo "2385"]
[BlackElo "2470"]
[PlyCount "53"]
[EventDate "1991.??.??"]

1. e4 c5 2. Nf3 e6 3. d4 cxd4 4. Nxd4 Nf6 5. Nc3 d6 6. Be2 Be7 7. O-O O-O 8. f4
Nc6 9. Be3 Bd7 10. Qe1 Nxd4 11. Bxd4 Bc6 12. Bd3 Qd7 13. a4 a6 14. a5 Rae8 15.
e5 dxe5 16. Bxe5 Ng4 17. Rd1 Bc5+ 18. Kh1 Qe7 19. Be4 Rd8 20. Bxc6 bxc6 21.
Rxd8 Rxd8 22. Ne4 Ne3 23. Qg3 f5 24. Nf6+ Kh8 25. Qh4 h6 26. Qh5 Nxf1 27. Qg6
1-0

[Event "BL 9091 Bayern-München 36"]
[Site "?"]
[Date "1991.??.??"]
[Round "?.8"]
[White "Stangl, M."]
[Black "Reich, T."]
[Result "1-0"]
[WhiteElo "2480"]
[BlackElo "2410"]
[PlyCount "103"]
[EventDate "1991.??.??"]

1. Nf3 d5 2. d4 e6 3. c4 c5 4. cxd5 exd5 5. g3 Nf6 6. Bg2 Nc6 7. O-O Be7 8. Nc3
O-O 9. Bg5 c4 10. Ne5 Be6 11. e3 Ne8 12. Nxc6 bxc6 13. Bxe7 Qxe7 14. b3 Nd6 15.
Na4 Rab8 16. Nc5 Rfc8 17. Re1 Ne4 18. Nxe6 Qxe6 19. bxc4 dxc4 20. Qc2 f5 21.
Rec1 Nd6 22. Bf1 c5 23. Bxc4 Nxc4 24. Qxc4 Qxc4 25. Rxc4 cxd4 26. Rxd4 Rc2 27.
a4 Rbb2 28. Rf4 Rc5 29. Rd1 h5 30. Rd8+ Kh7 31. Rd7 a5 32. Kg2 Kh6 33. Rd6+ g6
34. Ra6 Kg5 35. Kf3 Rcc2 36. Kg2 Rc5 37. Re6 Kh6 38. e4 fxe4 39. Rff6 Rg5 40.
Rxe4 Kg7 41. Ree6 h4 42. Kh3 hxg3 43. hxg3 Rb3 44. Kh4 Kh6 45. g4 Rb1 46. f3
Rh1+ 47. Kg3 Rb1 48. Rf5 Rxf5 49. gxf5 Rb4 50. Rxg6+ Kh5 51. Rg4 Kh6 52. f6 1-0

[Event "BL 9091 Frankfurt-Heidelberg"]
[Site "?"]
[Date "1991.??.??"]
[Round "?.1"]
[White "Steinbacher, M."]
[Black "Khalifman, A."]
[Result "0-1"]
[WhiteElo "2370"]
[BlackElo "2640"]
[PlyCount "46"]
[EventDate "1991.??.??"]

1. e4 c5 2. Nf3 d6 3. d4 cxd4 4. Nxd4 Nf6 5. Nc3 Nc6 6. Be3 e5 7. Nf3 Be7 8. h3
O-O 9. g4 Be6 10. g5 Nd7 11. Qd2 Rc8 12. Nd5 Nc5 13. Bxc5 dxc5 14. c3 Bxd5 15.
exd5 Nd4 16. cxd4 e4 17. d6 Qxd6 18. Nh4 Qd5 19. Rg1 cxd4 20. Rg4 Rc5 21. Rd1
d3 22. Bg2 Bxg5 23. Qb4 d2+ 0-1

[Event "BL 9091 Frankfurt-Heidelberg"]
[Site "?"]
[Date "1991.??.??"]
[Round "?.2"]
[White "Lobron, E."]
[Black "Neurohr, S."]
[Result "1-0"]
[WhiteElo "2545"]
[BlackElo "2335"]
[PlyCount "69"]
[EventDate "1991.??.??"]

1. c4 Nf6 2. Nc3 g6 3. d4 Bg7 4. e4 O-O 5. Nf3 d6 6. Be2 e5 7. O-O Nc6 8. d5
Ne7 9. Ne1 Nd7 10. Nd3 f5 11. Bd2 Nf6 12. f3 Kh8 13. Rc1 c5 14. Rb1 a5 15. a3
Neg8 16. b4 axb4 17. axb4 b6 18. Qc2 Bh6 19. Ra1 Bd7 20. exf5 Bxf5 21. Rxa8
Qxa8 22. Bxh6 Nxh6 23. Qb2 Nh5 24. g3 Qd8 25. bxc5 bxc5 26. Qd2 Nf7 27. Nf2 Qa5
28. Qb2 Ra8 29. Nfe4 Kg7 30. f4 Qb4 31. Qc1 Bxe4 32. Nxe4 Ra2 33. Bxh5 gxh5 34.
fxe5 dxe5 35. Ng5 1-0

[Event "BL 9091 Frankfurt-Heidelberg"]
[Site "?"]
[Date "1991.??.??"]
[Round "?.3"]
[White "Ostl, A."]
[Black "Gutman, L."]
[Result "0-1"]
[WhiteElo "2325"]
[BlackElo "2445"]
[PlyCount "58"]
[EventDate "1991.??.??"]

1. d4 Nf6 2. Nf3 g6 3. c3 Bg7 4. Bf4 O-O 5. h3 a5 6. e3 d6 7. a4 Qe8 8. Na3 Bd7
9. Nb5 Na6 10. Be2 c6 11. Na3 b5 12. axb5 cxb5 13. O-O Nc7 14. Bh2 Qb8 15. b4
Ncd5 16. Qb3 axb4 17. cxb4 Ra4 18. Nc2 Rc8 19. Rfc1 Rc3 20. Qb2 Qc7 21. Nfe1
Bf5 22. Bd1 h5 23. Rcb1 Nb6 24. Rc1 Nfd5 25. g4 hxg4 26. hxg4 Be4 27. Rxa4 bxa4
28. Bf3 Bxf3 29. Nxf3 Qc8 0-1

[Event "BL 9091 Frankfurt-Heidelberg"]
[Site "?"]
[Date "1991.??.??"]
[Round "?.4"]
[White "Werner, D."]
[Black "Pirrot, D."]
[Result "0-1"]
[WhiteElo "2395"]
[BlackElo "2325"]
[PlyCount "112"]
[EventDate "1991.??.??"]

1. Nf3 g6 2. d4 Nf6 3. c3 Bg7 4. Bg5 O-O 5. Nbd2 d5 6. e3 Nbd7 7. Bd3 Re8 8.
O-O e5 9. dxe5 Nxe5 10. Nxe5 Rxe5 11. Bf4 Re8 12. h3 c6 13. Re1 Nh5 14. Bh2 f5
15. Qb3 Kh8 16. Rad1 Qe7 17. Nf3 Be6 18. Be5 Bxe5 19. Nxe5 Qg7 20. Nf3 Nf6 21.
Qb4 Bg8 22. a4 Ne4 23. Qd4 c5 24. Qxg7+ Kxg7 25. a5 Kf6 26. Ra1 Red8 27. Rec1
Rac8 28. Kf1 g5 29. Ke1 Rc7 30. Rd1 Rcd7 31. Bc2 Be6 32. Nd2 Ke5 33. Nb3 Rc8
34. Nc1 Kf6 35. Bb3 h5 36. f3 Ng3 37. Kf2 h4 38. Ba4 Rdd8 39. Rd2 Bf7 40. Nb3
Ke5 41. Rad1 b6 42. Bb5 Rd6 43. Ra1 Rb8 44. Nc1 Kf6 45. Nd3 Re6 46. axb6 axb6
47. b4 c4 48. Ne1 Be8 49. Bxe8 Rbxe8 50. Nc2 f4 51. Re1 fxe3+ 52. Rxe3 Rxe3 53.
Nxe3 Rxe3 54. Kxe3 Nf1+ 55. Ke2 Nxd2 56. Kxd2 Ke5 0-1

[Event "BL 9091 Frankfurt-Heidelberg"]
[Site "?"]
[Date "1991.??.??"]
[Round "?.5"]
[White "Weber, M."]
[Black "Kohlweyer, B."]
[Result "0-1"]
[WhiteElo "2330"]
[BlackElo "2365"]
[PlyCount "92"]
[EventDate "1991.??.??"]

1. Nf3 c5 2. g3 Nc6 3. Bg2 g6 4. O-O Bg7 5. d3 e6 6. e4 Nge7 7. Nbd2 d5 8. Re1
b6 9. c3 h6 10. Nf1 a5 11. h4 Ba6 12. e5 Qc7 13. Qe2 g5 14. hxg5 hxg5 15. N1h2
Rxh2 16. Nxh2 Nxe5 17. Rd1 N5g6 18. Bxg5 f6 19. Bd2 e5 20. c4 Rd8 21. Ng4 Kf7
22. Bh6 Bh8 23. Ne3 d4 24. Nd5 Nxd5 25. cxd5 Bc8 26. a3 a4 27. Rab1 Rd6 28. b3
axb3 29. Rxb3 f5 30. Bg5 Bd7 31. Rc1 Bf6 32. Qh5 Bxg5 33. Qxg5 b5 34. Rcb1 Rf6
35. Qh6 Nf8 36. Qh5+ Kg7 37. Qe2 Ng6 38. Rc1 e4 39. Rbb1 c4 40. dxc4 d3 41. Qa2
f4 42. cxb5 Qd6 43. Bxe4 fxg3 44. fxg3 Qxg3+ 45. Bg2 Qe3+ 46. Kh1 Ne5 0-1

[Event "BL 9091 Frankfurt-Heidelberg"]
[Site "?"]
[Date "1991.??.??"]
[Round "?.6"]
[White "Heyken, E."]
[Black "Grathwohl, R."]
[Result "1-0"]
[WhiteElo "2415"]
[BlackElo "2320"]
[PlyCount "73"]
[EventDate "1991.??.??"]

1. d4 e6 2. e4 d5 3. e5 Qd7 4. Nc3 b6 5. Bb5 c6 6. Ba4 Ne7 7. Nce2 Ba6 8. c3
Nf5 9. Nf3 h5 10. O-O Be7 11. Re1 Qb7 12. Bc2 g6 13. Bg5 Bxg5 14. Nxg5 Qe7 15.
Qd2 Bxe2 16. Rxe2 Nd7 17. g3 O-O-O 18. Bxf5 gxf5 19. h4 Kb7 20. a4 a6 21. b3
Rc8 22. c4 Rc7 23. Rc1 Nb8 24. c5 b5 25. Qa5 Kc8 26. axb5 cxb5 27. c6 Rxc6 28.
Rxc6+ Nxc6 29. Qxa6+ Qb7 30. Qa1 Kb8 31. Rc2 Rc8 32. Rc5 Rf8 33. Qf1 Kc7 34.
Qe2 Kd7 35. Qxh5 Nxd4 36. Nh7 Re8 37. Qxf7+ 1-0

[Event "BL 9091 Frankfurt-Heidelberg"]
[Site "?"]
[Date "1991.??.??"]
[Round "?.7"]
[White "Zuse, P."]
[Black "Degenhardt, H."]
[Result "1-0"]
[WhiteElo "2230"]
[BlackElo "2325"]
[PlyCount "61"]
[EventDate "1991.??.??"]

1. e4 c5 2. Nf3 d6 3. d4 cxd4 4. Nxd4 Nf6 5. Nc3 a6 6. Bg5 e6 7. f4 Qc7 8. Qf3
b5 9. Bxf6 gxf6 10. a3 Nc6 11. Nxc6 Qxc6 12. Be2 Rb8 13. O-O Be7 14. Kh1 h5 15.
f5 Qc5 16. Qg3 Kf8 17. Rf4 Qe5 18. Raf1 a5 19. fxe6 Bxe6 20. Qf2 b4 21. axb4
axb4 22. Nd1 d5 23. exd5 Qxd5 24. Bc4 Qc5 25. Ne3 Rh6 26. Re4 f5 27. Qf4 fxe4
28. Bxe6 Rf6 29. Qxb8+ Kg7 30. Qg3+ Rg6 31. Rxf7+ 1-0

[Event "BL 9091 Porz-Koblenz"]
[Site "?"]
[Date "1991.??.??"]
[Round "?.1"]
[White "Brueckner, T."]
[Black "Hort, V."]
[Result "1/2-1/2"]
[WhiteElo "2405"]
[BlackElo "2540"]
[PlyCount "74"]
[EventDate "1991.??.??"]

1. c4 e5 2. Nc3 Nc6 3. Nf3 f5 4. d4 e4 5. Ne5 d6 6. Nxc6 bxc6 7. Bf4 Rb8 8. Rb1
g5 9. Bd2 Bg7 10. h4 gxh4 11. e3 Qg5 12. Qa4 Ne7 13. Qxa7 Rb7 14. Qa5 Bf6 15.
d5 c5 16. Qa4+ Kf7 17. b4 Ng6 18. Ne2 Re8 19. Rb3 cxb4 20. Rxb4 Rxb4 21. Qxb4
Be5 22. Qb8 Qd8 23. Nf4 Bd7 24. Qxd8 Rxd8 25. Nxg6 Kxg6 26. a3 Bb2 27. Rxh4 Ra8
28. f3 Bf6 29. Rh2 Rxa3 30. Be2 Ra1+ 31. Kf2 Ra2 32. Ke1 Be5 33. f4 Bf6 34.
Bh5+ Kg7 35. Be2 Kg6 36. Bh5+ Kg7 37. Be2 Kg6 1/2-1/2

[Event "BL 9091 Porz-Koblenz"]
[Site "?"]
[Date "1991.??.??"]
[Round "?.2"]
[White "Christiansen, L."]
[Black "Seul, G."]
[Result "1/2-1/2"]
[WhiteElo "2590"]
[BlackElo "2340"]
[PlyCount "107"]
[EventDate "1991.??.??"]

1. c4 e6 2. Nf3 d5 3. d4 Nf6 4. Nc3 Be7 5. Bg5 O-O 6. e3 Nbd7 7. Rc1 a6 8. c5
c6 9. Bd3 e5 10. Bxf6 Bxf6 11. dxe5 Be7 12. Qc2 h6 13. O-O Nxc5 14. Bh7+ Kh8
15. Bf5 Bxf5 16. Qxf5 Qd7 17. Nd4 Rae8 18. Rfd1 Qxf5 19. Nxf5 Nd7 20. Nxd5 cxd5
21. Rc7 g6 22. Rxd7 gxf5 23. Rxb7 Bd8 24. Rxd5 Re6 25. g3 Kg7 26. Kg2 Rfe8 27.
f4 R8e7 28. Rdd7 Rxd7 29. Rxd7 Be7 30. h3 h5 31. Kf3 Kf8 32. Rb7 Rg6 33. h4 Bc5
34. Rb8+ Kg7 35. Rc8 Bf8 36. b3 Bb4 37. Kf2 Rb6 38. Rc4 a5 39. Kf3 Rg6 40. e4
fxe4+ 41. Rxe4 Rc6 42. Rc4 Rxc4 43. bxc4 f5 44. exf6+ Kxf6 45. g4 hxg4+ 46.
Kxg4 a4 47. h5 Bf8 48. f5 Bd6 49. h6 Bf8 50. h7 Kg7 51. Kf4 Kxh7 52. Ke5 Kg7
53. Kd5 Kf6 54. c5 1/2-1/2

[Event "BL 9091 Porz-Koblenz"]
[Site "?"]
[Date "1991.??.??"]
[Round "?.3"]
[White "Wolf, V."]
[Black "Lutz, C."]
[Result "1-0"]
[WhiteElo "2310"]
[BlackElo "2500"]
[PlyCount "81"]
[EventDate "1991.??.??"]

1. e4 c5 2. g3 g6 3. Bg2 Bg7 4. d3 Nc6 5. f4 d6 6. Nf3 e5 7. O-O Nge7 8. c3 O-O
9. Na3 Rb8 10. Nc2 d5 11. Nxe5 Nxe5 12. fxe5 d4 13. b4 Nc6 14. bxc5 Bxe5 15. c4
Be6 16. Bh6 Re8 17. a3 Qe7 18. Nb4 Qxc5 19. Qd2 Bg7 20. Bxg7 Kxg7 21. Nd5 Ne5
22. h3 Bxd5 23. cxd5 Rbc8 24. Rac1 Qxa3 25. Rxc8 Rxc8 26. Qf2 Kg8 27. Qxd4 Nxd3
28. d6 Qc5 29. Qxc5 Nxc5 30. e5 Nd7 31. Bd5 Rf8 32. e6 fxe6 33. Bxe6+ Kg7 34.
Bxd7 Rd8 35. Be6 Rxd6 36. Rf7+ Kh6 37. Re7 a5 38. Bg8 a4 39. Rxh7+ Kg5 40. Rxb7
a3 41. Ra7 1-0

[Event "BL 9091 Porz-Koblenz"]
[Site "?"]
[Date "1991.??.??"]
[Round "?.4"]
[White "Schmittdiel, E."]
[Black "Schlick, V."]
[Result "1-0"]
[WhiteElo "2485"]
[BlackElo "2305"]
[PlyCount "87"]
[EventDate "1991.??.??"]

1. Nf3 Nf6 2. d4 g6 3. Bg5 Bg7 4. Nbd2 c5 5. dxc5 Qa5 6. c3 Qxc5 7. Bxf6 Bxf6
8. Ne4 Qb6 9. Nxf6+ Qxf6 10. h4 Nc6 11. Qd2 d6 12. h5 Bg4 13. Ng5 O-O-O 14. f3
Be6 15. f4 d5 16. e3 gxh5 17. Rxh5 Bf5 18. Bd3 h6 19. Nxf7 Bg4 20. Nxd8 Bxh5
21. Nxc6 bxc6 22. g3 e5 23. Qf2 Rg8 24. Kd2 e4 25. Ba6+ Kc7 26. Rg1 Bg4 27. Be2
h5 28. Qh2 Qe6 29. Qh4 d4 30. Bxg4 dxc3+ 31. Kxc3 Qd6 32. Be2 Rd8 33. Kc2 Qd2+
34. Kb1 Qxe2 35. Qe7+ Rd7 36. Qe5+ Kb7 37. Qc3 Rd3 38. Re1 Qf3 39. Qb4+ Kc7 40.
Qe7+ Kb6 41. Rc1 Qxe3 42. Qe6 Ka5 43. Qxc6 Qb6 44. Rc5+ 1-0

[Event "BL 9091 Porz-Koblenz"]
[Site "?"]
[Date "1991.??.??"]
[Round "?.5"]
[White "Bayer, E."]
[Black "Knaak, R."]
[Result "0-1"]
[WhiteElo "2330"]
[BlackElo "2515"]
[PlyCount "84"]
[EventDate "1991.??.??"]

1. d4 d5 2. Nf3 e6 3. c4 c6 4. Nc3 Nf6 5. cxd5 exd5 6. Qc2 g6 7. Bg5 Bg7 8. e3
Bf5 9. Bd3 Bxd3 10. Qxd3 O-O 11. O-O Nbd7 12. b4 Re8 13. Rfc1 Rc8 14. Rab1 b5
15. a4 a6 16. a5 Qe7 17. Rb2 Qe6 18. Qb1 Ne4 19. Nxe4 dxe4 20. Nd2 h6 21. Bh4
g5 22. Bg3 h5 23. h4 gxh4 24. Bxh4 Qg4 25. Bg3 h4 26. Bh2 h3 27. Bg3 Nf6 28.
Rc5 hxg2 29. Kxg2 Nd5 30. Rbc2 Re6 31. Nf1 Rh6 32. Nh2 Qh3+ 33. Kh1 Bf8 34. Qg1
Rg6 35. Qg2 Qxg2+ 36. Kxg2 Nxb4 37. Rb2 Nd3 38. Rcc2 Nxb2 39. Rxb2 c5 40. dxc5
Rxc5 41. Nf1 Rc4 42. Nd2 Ra4 0-1

[Event "BL 9091 Porz-Koblenz"]
[Site "?"]
[Date "1991.??.??"]
[Round "?.6"]
[White "Vogt, L."]
[Black "Fecht, H."]
[Result "1/2-1/2"]
[WhiteElo "2510"]
[BlackElo "2250"]
[PlyCount "81"]
[EventDate "1991.??.??"]

1. e4 c5 2. Nf3 Nc6 3. d4 cxd4 4. Nxd4 Nf6 5. Nc3 e5 6. Ndb5 d6 7. Bg5 a6 8.
Na3 b5 9. Bxf6 gxf6 10. Nd5 f5 11. exf5 Bxf5 12. c3 Bg7 13. Nc2 Be6 14. g3 Ne7
15. Bg2 Rb8 16. Ncb4 Nxd5 17. Bxd5 Qb6 18. Bc6+ Ke7 19. O-O a5 20. Nd5+ Bxd5
21. Bxd5 h5 22. a4 h4 23. g4 b4 24. Qf3 Rhf8 25. cxb4 Bh6 26. Qf5 Qxb4 27. g5
Qd2 28. Qf6+ Kd7 29. Qxh6 Qxd5 30. Qxh4 Rb4 31. Qg3 Rh8 32. Rad1 Qe6 33. f3
Rxb2 34. Rf2 Qb3 35. Qg4+ Ke7 36. Rxb2 Qxb2 37. h4 Qc2 38. Re1 Rb8 39. Qe4 Qc5+
40. Qe3 Qb4 41. f4 1/2-1/2

[Event "BL 9091 Porz-Koblenz"]
[Site "?"]
[Date "1991.??.??"]
[Round "?.7"]
[White "Fritsche, L."]
[Black "Uhlmann, W."]
[Result "1/2-1/2"]
[WhiteElo "2300"]
[BlackElo "2510"]
[PlyCount "43"]
[EventDate "1991.??.??"]

1. e4 e6 2. d4 d5 3. Nd2 c5 4. Ngf3 Nc6 5. Bb5 dxe4 6. Nxe4 Bd7 7. O-O cxd4 8.
Bg5 Nf6 9. Nxd4 Be7 10. Bxf6 gxf6 11. Nxc6 bxc6 12. Bc4 Qc7 13. Qh5 Qe5 14.
Qxe5 fxe5 15. Rad1 O-O-O 16. f4 exf4 17. Rxf4 f5 18. Nd6+ Bxd6 19. Rxd6 Kc7 20.
Rd3 Bc8 21. Ra3 Rd1+ 22. Rf1 1/2-1/2

[Event "BL 9091 Porz-Koblenz"]
[Site "?"]
[Date "1991.??.??"]
[Round "?.8"]
[White "Schoen, W."]
[Black "Bohn, T."]
[Result "1-0"]
[WhiteElo "2390"]
[BlackElo "2230"]
[PlyCount "75"]
[EventDate "1991.??.??"]

1. d4 e6 2. c4 f5 3. g3 Nf6 4. Bg2 Be7 5. Nf3 d6 6. O-O O-O 7. Nc3 Qe8 8. b3 a5
9. Bb2 Na6 10. Re1 c6 11. e4 fxe4 12. Nxe4 Nxe4 13. Rxe4 Bd7 14. Qd2 Qh5 15.
Re3 Nc7 16. Rae1 b5 17. Rd3 a4 18. Bc3 axb3 19. axb3 Qf5 20. d5 cxd5 21. Nd4
Qg6 22. cxd5 Ra2 23. Qxa2 Qxd3 24. Qd2 Qxd2 25. Bxd2 e5 26. Rc1 Na6 27. Nc6 Bf6
28. b4 Ra8 29. Bf1 Bf5 30. Na5 Be4 31. Rc6 Bxd5 32. Rxd6 Nc7 33. Rd7 Rc8 34.
Be3 Bf3 35. Bh3 Rd8 36. Rxc7 Rd1+ 37. Bf1 Be2 38. Rc1 1-0